Loading...

Measurement of inequality and poverty /

Bibliographic Details
Other Authors: Subramanian , S. (Editor)
Language:Undetermined
Published: Delhi : Oxford University Press , 1997.
Subjects:
LEADER 00670nam a2200169Ia 4500
001 127718
008 170722s9999 xx 000 0 und d
020 |a 0195639030 
245 |a Measurement of inequality and poverty / 
260 |a Delhi :  |b Oxford University Press ,  |c 1997. 
300 |a 369 p.  |c 22cms 
653 |a Personal Income 
700 |a Subramanian , S.  |e editor. 
942 |c GEN 
999 |c 117102  |d 117102 
952 |0 0  |1 0  |4 0  |6 X_31_N7N71  |7 0  |8 LC1  |9 165374  |a LIB  |b LIB  |d 2017-08-12  |h LC1  |o X:31 N7-N7;1  |p 229570  |r 2017-08-12  |v 545.00  |w 2017-08-12  |y GEN 
952 |0 0  |1 0  |4 0  |6 X_31_N7N71  |7 0  |8 LC1  |9 165375  |a LIB  |b LIB  |d 2017-08-12  |h LC1  |o X:31 N7-N7;1  |p 242804  |r 2017-08-12  |v 545.00  |w 2017-08-12  |y GEN